| 000 | 00587nam a2200169Ia 4500 | ||
|---|---|---|---|
| 008 | 090201s9999 xx 000 0 und d | ||
| 010 | _aKPL-61363 | ||
| 040 | _bमराठी | ||
| 041 | _aमराठी | ||
| 082 |
_a637 _b61363 |
||
| 100 | _aवंसत आबाजी डहाके | ||
| 245 |
_aयात्रा:अंतर्यात्रा _cवंसत आबाजी डहाके |
||
| 260 |
_c2004 _bशब्द प्रकाशन |
||
| 300 |
_a168 _bमध्यम |
||
| 600 | _aयात्रा:अंतर्यात्रा | ||
| 942 | _cBOOK | ||
| 999 |
_c201772 _d201772 |
||